Dinosaur or Not? 1 - Statistics

General Stats
  • This quiz has been taken 105 times
  • The average score is 10 of 15
Answer Stats
Question Answer % Correct
Tarbosaurus Dinosaur
86%
Brontosaurus Dinosaur
86%
Torvosaurus Dinosaur
78%
Torosaurus Dinosaur
75%
Irritator Dinosaur
74%
Thesaurus Not
72%
Peruvasuchus Not
69%
Dracovenator Dinosaur
65%
Velonosaurus Not
62%
Pteranodon Not
61%
Minmi Dinosaur
56%
Bruhathkayosaurus Dinosaur
48%
Paleotitan Not
46%
Tyrannasorus Not
41%
Tyrannomimus Dinosaur
32%
No matching quizzes found
Score Distribution
Percent of People with Each Score
Percentile by Number Answered
Your Score History
You have not taken this quiz